00487nam a2200133Ia 4500008004100000082002100041100002400062245006600086260004900152300001000201942001200211999001900223952011100242210430s9999 xx 000 0 und d a621.3815 M9536 F aAltaf Mukati941617 aFault diagnosis and testing of Digital CircuitscAltaf Mukati aIslamabadbHigher education Commissionc2006 a207p. cBK2ddc c565412d565412 001040708NFICaSCMEbSCMEcGENd0008-02-11l0o621.3815 M9536 FpSCME-633-Br2021-04-30w2021-04-30yBK